[Event "Catalunya-chT Gp2"]
[Site "Barcelona"]
[Date "2015.02.28"]
[Round "6.3"]
[White "Yastrebova, Tatiana"]
[Black "Luque Martin, Jonathan"]
[Result "1-0"]
[WhiteElo "1967"]
[BlackElo "1964"]
[PlyCount "168"]
[EventDate "2015.01.24"]
[EventType "team-tourn"]
[EventRounds "7"]
[EventCountry "ESP"]
[SourceTitle "EXT 2016"]
[Source "ChessBase"]
[SourceDate "2015.10.08"]
[SourceVersion "1"]
[SourceVersionDate "2015.10.08"]
[SourceQuality "1"]
[WhiteTeam "Barcelona Escola Escacs"]
[BlackTeam "Mollet"]
[WhiteTeamCountry "ESP"]
[BlackTeamCountry "ESP"]

1. b3 c5 2. Bb2 Nc6 3. e3 e5 4. c4 g6 5. d3 Bg7 6. Nc3 Nge7 7. Nf3 0-0 8. Be2 d5 9. cxd5 Nxd5 10. Qd2 Be6 11. 0-0 Qe7 12. Rac1 Rfd8 13. Nxd5 Bxd5 14. Qc3 b6 15. Rfd1 f5 16. Nd2 Rd7 17. Bf1 Qg5 18. e4 Be6 19. Nf3 Qe7 20. a3 Rad8 21. Re1 Nd4 22. Nxd4 cxd4 23. Qc2 fxe4 24. Rxe4 Bd5 25. Ree1 Qd6 26. b4 Bh6 27. Rb1 Rc7 28. Qe2 Bg7 29. Rbc1 Rf7 30. Qg4 Be6 31. Qg3 Rdf8 32. Rc2 Rf4 33. f3 R4f5 34. Bc1 Bd7 35. Bd2 Ba4 36. Rcc1 Bb5 37. Rc2 Ba4 38. Rcc1 R5f7 39. Qg4 Rf5 40. Qe4 R5f7 41. Rc4 Bb5 42. Rc2 Ba4 43. Rc4 Bb5 44. Rc2 Rc7 45. Rxc7 Qxc7 46. Rc1 Qd6 47. Qb7 Rf7 48. Rc8+ Bf8 49. Qa8 Ba6 50. Rd8 Rd7 51. Rxd7 Qxd7 52. Bh6 Qe7 53. Qd5+ Qf7 54. Qd8 Bb7 55. Qb8 Bd5 56. Bxf8 Qxf8 57. Qxe5 Bf7 58. Qxd4 Qc8 59. Qb2 Qe6 60. Qc1 Qe5 61. h3 Qd4+ 62. Kh2 Qe5+ 63. f4 Qd4 64. Qc8+ Kg7 65. Qc7 Qf2 66. Qe5+ Kg8 67. Be2 h5 68. Bf3 h4 69. Qg5 Qe1 70. Be4 a5 71. bxa5 bxa5 72. Bxg6 Qg3+ 73. Qxg3 hxg3+ 74. Kxg3 Bxg6 75. d4 Kh8 76. Kh4 Kg8 77. g4 Kh8 78. f5 Bf7 79. g5 Kg8 80. g6 Bd5 81. f6 Kf8 82. Kg5 Kg8 83. Kh6 Kf8 84. f7 Bb3 1-0

[Event "Provincial-ch Vila Real"]
[Site "Vila Real"]
[Date "2012.11.24"]
[Round "7"]
[White "Luque Martin, Jonathan"]
[Black "Ventura Monfort, Javier"]
[Result "1-0"]
[WhiteElo "2076"]
[BlackElo "1710"]
[PlyCount "41"]
[EventDate "2012.10.06"]
[EventType "swiss"]
[EventRounds "7"]
[EventCountry "ESP"]
[SourceTitle "EXT 2024"]
[Source "ChessBase"]
[SourceDate "2023.10.10"]
[SourceVersion "1"]
[SourceVersionDate "2023.10.10"]
[SourceQuality "1"]

1. e4 c5 2. Nf3 d6 3. d4 cxd4 4. Nxd4 Nf6 5. Nc3 a6 6. Bg5 e6 7. f4 Qc7 8. Qe2 Nbd7 9. 0-0-0 Be7 10. g3 b5 11. Bg2 Rb8 12. e5 dxe5 13. Nc6 b4 14. Nxb8 bxc3 15. Nc6 Ba3 16. Qc4 Bxb2+ 17. Kb1 a5 18. Nxe5 Nc5 19. Bc6+ Nfd7 20. Qxc5 f6 21. Bxd7+ 1-0